MARC

LEADER 00000nam0a2200000 4500
001 14345
005 20231030185631.0
010 |a 5703813190 
035 |a (RuTPU)RU\TPU\book\14438 
035 |a BOOK00014506 
090 |a 14345 
100 |a 20011209d1998 m y0rusy50 ca 
101 0 |a rus 
102 |a RU 
105 |a a j 000zy 
200 1 |a Технология ракетных и аэрокосмических конструкций из композиционных материалов  |e учебник для вузов  |f И. М. Буланов, В. В. Воробей 
210 |a Москва  |c Изд-во МГТУ  |d 1998 
215 |a 516 с.  |c ил. 
610 1 |a авиационные материалы 
610 1 |a ракетные конструкции 
610 1 |a аэрокосмические конструкции 
610 1 |a композиционные материалы 
610 1 |a изготовление 
610 1 |a технология 
610 1 |a сборка 
610 1 |a контроль 
610 1 |a испытание 
610 1 |a оборудование 
610 1 |a оснастка 
610 1 |a учебные пособия 
675 |a 629.73.002.3(075.8)  |v 3 
700 1 |a Буланов  |b И. М.  |g Игорь Михайлович 
701 1 |a Воробей  |b В. В.  |g Вадим Васильевич 
801 0 |a RU  |b 63413507  |c 20011209  |g PSBO 
801 2 |a RU  |b 63413507  |c 20201022  |g PSBO 
942 |c BK